000 00825cab a2200229 4500
001 WB2825-17
008 090401t1992 xxu||||| |||| 00| 0 eng d
035 _a(Sirsi) u43769
041 _aeng
245 _aRepossessions reach 144 a day
260 _c1992
350 _a0
490 _aGuardian
_v24 June 1992, 5
490 _aDaily Telegraph
_v24 June 1992, 6(2)
520 _aA survey carried out by Janet Ford of Warwick University on behalf of Shelter`s magazine `Roof` shows that repossessions continued to reach up to 144 per day during the first three months of 1992 with the figures continuing to worsen. Diagrams compare mortgage arrears between 1991 and 1992,.
650 _aMORTGAGE ARREARS
650 _aREPOSSESSIONS
650 _aSHELTER
690 _aHOUSING
942 _n0
948 _c04/03/1997
999 _c27898
_d27898